000 00292nam a22001337a 4500
008 260218b ||||| |||| 00| 0 eng d
020 _a0962214167
041 _aShqip
080 _a2.1
100 _a2.1
101 _aroman
245 _aWho will slay Wolf
_cAli Podrimja
942 _2lcc
_cBK
999 _c60815
_d60815